000 00448nam a2200157Ia 4500
008 210210b2005 xxu||||| |||| 00| 0 eng d
020 _a81 229 0192 1
082 _a070.068 HERM
100 _aHERRICK (Dennis F).
245 _aMedia management in the age of giants: business dynamics of journalism.
260 _aDelhi
_bSurjeet publications
_c2005
300 _axx,397
650 _aMedia management
690 _aJournalism
906 _a059895
999 _c107030
_d107030